|
|
|
|
| LEADER |
00000nam a2200000Ii 4500 |
| 001 |
DIGECOED0622 |
| 003 |
NyNyDIG |
| 006 |
m o d |
| 007 |
cr ||||||||||| |
| 008 |
230904s2009 ck ob 000 0 spa d |
| 035 |
|
|
|a (OCoLC)1373428594
|
| 040 |
|
|
|a DGITA
|b eng
|e rda
|e pn
|c DGITA
|
| 020 |
|
|
|a 9781449278465
|q eBook
|
| 020 |
|
|
|z 9789586480161
|
| 043 |
|
|
|a s-ck---
|
| 050 |
1 |
4 |
|a KHH2914 ebook
|
| 110 |
1 |
|
|a Colombia
|
| 240 |
1 |
0 |
|a Constitución política (1991)
|
| 245 |
1 |
0 |
|a Constitución política de Colombia.
|
| 264 |
|
1 |
|a Bogotá :
|b Ecoe Ediciones,
|c [2009]
|
| 300 |
|
|
|a 1 online resource.
|
| 336 |
|
|
|a text
|b txt
|2 rdacontent
|
| 337 |
|
|
|a computer
|b c
|2 rdamedia
|
| 338 |
|
|
|a online resource
|b cr
|2 rdacarrier
|
| 347 |
|
|
|a text file
|2 rdaft
|
| 347 |
|
|
|b PDF
|
| 490 |
1 |
|
|a Colección: Ciencias políticas. Área: códigos
|
| 500 |
|
|
|a "Incluye: Declaración de los derechos del hombre y del ciudadano ; Declaración universal de los derechos humanos ; Declaración de los derechos del niño ; Himno Nacional de la República de Colombia ; Actos legislativos."--Cover.
|
| 588 |
0 |
|
|a Online resource; title from PDF title page (Digitalia, viewed September 4, 2023)
|
| 650 |
|
0 |
|a Constitutional law
|z Colombia.
|
| 650 |
|
0 |
|a Constitutions
|z Colombia.
|
| 791 |
2 |
|
|a Digitalia (Firm),
|e distributor.
|
| 793 |
0 |
|
|g Digitalia eBook Collection:
|a Ecoe Ediciones
|
| 776 |
0 |
8 |
|i Print version:
|a Colombia.
|t Constitución política de Colombia.
|d Bogotá : Ecoe Ediciones, [2009]
|z 9789586480161
|
| 830 |
|
0 |
|a Colección: Ciencias políticas.
|p Área: códigos.
|
| 856 |
4 |
0 |
|3 Digitalia Hispánica
|u https://www.digitaliapublishing.com/a/126745/
|
| 910 |
|
|
|a Premium collection: 2023
|